000 00840nam a2200253Ia 4500
003 OSt
005 20220923211610.0
006 a|||||r|||| 00| 0
007 ta
008 220922b |||||||| |||| 00| 0 hin d
020 _a9789388753678 (hbk)
_c395
024 _a348,496
037 _bBR/7270, 19/02/2019, Rajkamal Prakashan Pvt. Ltd
_cTextual
040 _aARTS
_cARTS
_bhin
041 _2hin
_ahin
082 _aO152,3NSU,EB, Q9
100 _aसुजाता, ले.
245 0 _aएक बटा दो
246 _aEk baṭā do
260 _aनई दिल्ली
_b राजकमल प्रकाशन
_c2019
300 _a134पृ.
_ccm.
942 _hO152,3NSU,EB, Q9
_cTEXL
_2CC
999 _c301222
_d301222